| 000 | 00821nam a22002657a 4500 | ||
|---|---|---|---|
| 999 |
_c14764 _d14764 |
||
| 003 | AR-CdUCM | ||
| 008 | 190424b ||||| |||| 00| 0 spa d | ||
| 020 | _a978-84-16648-91-7 | ||
| 040 |
_aMUNICIPALIDAD PROVINCIAL DEL CUSCO _cBIBLIOTECA MUNICIPAL DEL CUSCO |
||
| 082 |
_aPI / 800 / _bA11 |
||
| 100 |
_aAckland, Nick _933648 |
||
| 245 | _aEl caballero nick y el dragon / | ||
| 260 |
_aChina : _bEdiciones obelisco, _bPicarona, _c2016. |
||
| 300 |
_bIlustraciones, graficos, dibujos _c23 cm. |
||
| 500 | _aLiteratura para niños | ||
| 650 |
_aLiteratura _983 |
||
| 650 |
_aHistoria _9246 |
||
| 650 |
_aNiños _99390 |
||
| 700 |
_aColl, Olga _933649 |
||
| 700 |
_aMontse, Martin _933650 |
||
| 856 | _fwww.picarona.net | ||
| 856 | _fwww.edicionesobelisco.com | ||
| 942 |
_2ddc _cLIBROS |
||
| 945 |
_apjha _d2019-04-24 |
||